| 000 | 00541nam a2200181Ia 4500 | ||
|---|---|---|---|
| 008 | 090122s9999 xx 000 0 und d | ||
| 082 |
_b13768 _a891.463 |
||
| 100 |
_aशिरवळकर _bसुहास |
||
| 245 | _aहमखास | ||
| 260 |
_bदिलीपराज _c2008 |
||
| 300 | _a96 | ||
| 501 | _a4531-14/10/2008 दिलीपराज प्रका. पुणे | ||
| 600 | _aशिरवळकर | ||
| 630 | _aहमखास | ||
| 700 | _aशिरवळकर | ||
| 730 | _aहमखास | ||
| 942 | _cBOOK | ||
| 999 |
_c37845 _d37845 |
||